Bangla rangalayer itihaser upadan (Record no. 439956)

MARC details
000 -LEADER
fixed length control field 00588nam a2200217Ia 4500
003 - CONTROL NUMBER IDENTIFIER
control field OSt
005 - DATE AND TIME OF LATEST TRANSACTION
control field 20220924135209.0
008 - FIXED-LENGTH DATA ELEMENTS--GENERAL INFORMATION
fixed length control field 220923b |||||||| |||| 00| 0 ben d
037 ## - SOURCE OF ACQUISITION
Terms of availability Textual
040 ## - CATALOGING SOURCE
Original cataloging agency ARTS
Transcribing agency ARTS
Language of cataloging ben
041 ## - LANGUAGE CODE
Source of code ben
Language code of text/sound track or separate title ben
100 ## - MAIN ENTRY--PERSONAL NAME
Personal name Bhattacharyya Shankar
9 (RLIN) 209876
245 #0 - TITLE STATEMENT
Title Bangla rangalayer itihaser upadan
260 ## - PUBLICATION, DISTRIBUTION, ETC.
Date of publication, distribution, etc. 1982
942 ## - ADDED ENTRY ELEMENTS (KOHA)
Classification part NT262aN00<-M72, 157M2
Koha item type Textual
Source of classification or shelving scheme Colon Classification (CC)
Holdings
Withdrawn status Lost status Damaged status Not for loan Home library Current library Date acquired Total Checkouts Full call number Barcode Date last seen Price effective from Koha item type
        Arts Library Arts Library 2022-09-24   NT262aN00<-M72 157M2 AL0868294 2022-09-24 2022-09-24 Textual
Copyright @ Delhi University Library System